000
00247nam a2200109Ia 4500
008
230907s9999||||xx |||||||||||||| ||und||
082
_a
158.1
_b
BEE
100
_a
Beecham, Stan,
_9
116068
245
0
_a
Elite minds:
300
_a
207 p.
942
_c
BK
999
_c
600951
_d
600951